Guidance documents relating to landfills and contaminants

Αποθηκεύτηκε σε:
Λεπτομέρειες βιβλιογραφικής εγγραφής
Κύριος συγγραφέας: Schomaker, Norbert B.
Συγγραφή απο Οργανισμό/Αρχή: United States Environmental Protection Agency
Άλλοι συγγραφείς: Zunt, Donna A.
Μορφή: Βιβλίο
Γλώσσα:English
Δημοσίευση: Cincinnati : Environmental Protection Agency, 1989
Θέματα:
Ετικέτες: Προσθήκη ετικέτας
Δεν υπάρχουν, Καταχωρήστε ετικέτα πρώτοι!

MARC

LEADER 00000nam a2200000 i 4500
001 1/93704
008 960905s1989 eng d
035 |l 10008928 
040 |a GR-MY-UA  |b gre  |e aacr 
041 0 |a eng 
082 0 |a 628.42 
100 1 |a Schomaker, Norbert B. 
245 1 0 |a Guidance documents relating to landfills and contaminants /  |c Norbert b. Schomaker, Donna A. Zunt 
260 |a Cincinnati :   |b Environmental Protection Agency,   |c 1989 
300 |a 10 p. 
500 |a Presented at the: 6th Annual Recycling Congress, Berlin, Germany, November 28-30, 1989 
650 0 0 |a Hazardous wastes sites. 
650 0 0 |a Sanitary landfills  |x Management. 
700 1 |a Zunt, Donna A. 
710 1 |a United States  |b Environmental Protection Agency. 
852 |a INST  |b LESVOS  |e 19960905  |h 628.42 SCH  |p 005100009235  |q 005100009235  |t BK  |y 0 
909 |a Λ  |b 036543 
922 |a 1ΕΛΗ  |b 199409  |c ΠΠ/ΧΑΛΒΑΔΑΚΗΣ 
950 |a 012-1994-04-11 
970 |z 2000/05/ΟΙΚΟΝΟΜΟΠΟΥΛΟΥ ΧΡΙΣΤΙΝΑ